Mastering InDesign CS5 for print design and production (Record no. 114823)
[ view plain ]
| 000 -LEADER | |
|---|---|
| fixed length control field | 02933nam a2200409 a 4500 |
| 082 04 - DEWEY DECIMAL CLASSIFICATION NUMBER | |
| Classification number | 686.2/2544536 |
| 100 1# - MAIN ENTRY--AUTHOR NAME | |
| Personal name | Burke, Pariah S. |
| 245 10 - TITLE STATEMENT | |
| Title | Mastering InDesign CS5 for print design and production |
| 250 ## - EDITION STATEMENT | |
| Edition statement | 1st ed. |
| 260 ## - PUBLICATION, DISTRIBUTION, ETC. (IMPRINT) | |
| Place of publication | Indianapolis, Ind. : |
| Name of publisher | Wiley Publishing, |
| Year of publication | 2011. |
| 300 ## - PHYSICAL DESCRIPTION | |
| Number of Pages | xxvi, 694 p., [16] p. of plates : |
| Other physical details | ill. (some col.). |
| 490 1# - SERIES STATEMENT | |
| Series statement | Sybex serious skills |
| 500 ## - GENERAL NOTE | |
| General note | Includes index. |
| 505 8# - FORMATTED CONTENTS NOTE | |
| Formatted contents note | Machine generated contents note: 1 Customizing. -- 2 Text. -- 3 Characters. -- 4 Drawing. -- 5 Images. -- 6 Objects. -- 7 Pages. -- 8 Stories. -- 9 Documents. -- 10 Preflight. -- 11 Print. -- 12 Export. -- 13 Efficiency. -- 14 Collaboration. |
| 520 ## - SUMMARY, ETC. | |
| Summary, etc | "Comprehensive reference and tutorial on Adobe InDesign CS5 If you want to thoroughly master InDesign from the basics through advanced topics, Mastering InDesign CS5 for Print Design and Production is the book you need. Written by the former InDesign technical lead for Adobe, this book helps you achieve professional results through efficient production workflows and advanced techniques. You'll learn how to collaborate within workgroups; work efficiently with text, objects, and variable text; perfect your printed output; get the most out of InDesign's transparency and effects tools, and much more. Above all, you'll see how to handle prepress to get the results you want. Shows you how to use Adobe InDesign CS5 to achieve professional results Written by the former InDesign technical lead for Adobe, who, in addition to his technical expertise, offers his own valuable advice and lessons learned from 20 years in the graphic design business Offers comprehensive coverage of topics, step-by-step instruction, and numerous examples and case studies Whether you're just starting with InDesign or a professional using it every day, this comprehensive guide will take your skills to a new level"-- |
| 650 #0 - SUBJECT ADDED ENTRY--TOPICAL TERM | |
| Topical Term | Desktop publishing. |
| 856 40 - ELECTRONIC LOCATION AND ACCESS | |
| Uniform Resource Identifier | http://site.ebrary.com/lib/rucke/Doc?id=10469635 |
| 520 ## - SUMMARY, ETC. | |
| -- | Provided by publisher. |
No items available.
